Placemaking approach (Record no. 79520)
[ view plain ]
| 000 -LEADER | |
|---|---|
| fixed length control field | 01009cab a22001935a 4500 |
| 001 - CONTROL NUMBER | |
| control field | L141549 |
| 008 - FIXED-LENGTH DATA ELEMENTS--GENERAL INFORMATION | |
| fixed length control field | 071130s2007 xxk f 000 0 eng d |
| 035 ## - SYSTEM CONTROL NUMBER | |
| System control number | (Sirsi) u141549 |
| 041 0# - LANGUAGE CODE | |
| Language code of text/sound track or separate title | eng |
| 100 1# - MAIN ENTRY--PERSONAL NAME | |
| Personal name | Barnes, Yolande |
| 245 00 - TITLE STATEMENT | |
| Title | Placemaking approach |
| 260 ## - PUBLICATION, DISTRIBUTION, ETC. | |
| Date of publication, distribution, etc. | 2007 |
| 490 ## - SERIES STATEMENT | |
| Series statement | Housebuilder |
| Volume/sequential designation | 66(9) October 2007, 40-41(2) |
| 520 ## - SUMMARY, ETC. | |
| Summary, etc. | Outlines the qualities and characteristics of sustainable urbanism (SU) and argues for a cultural shift in housebuilders to embed it more deeply within their thinking. Argues that there are advantages for housebuilders in this approach, as SU can add commercial value to buildings by increasing the intensity of land use around residential buildings. The emphasis of SU is upon location value as well as building value. However the values of this approach are only realised over the medium to long term. |
| 590 ## - LOCAL NOTE (RLIN) | |
| Local note | KA |
| 651 #4 - SUBJECT ADDED ENTRY--GEOGRAPHIC NAME | |
| Geographic name | United Kingdom |
| Chronological subdivision | |
| 690 ## - LOCAL SUBJECT ADDED ENTRY--TOPICAL TERM (OCLC, RLIN) | |
| Topical term or geographic name as entry element | ENVIRONMENTAL AND LAND CONSULTANCY-SUSTAINABILITY-SUSTAINABLE DEVELOPMENT |
| 942 ## - ADDED ENTRY ELEMENTS (KOHA) | |
| Suppress in OPAC | 0 |
| Withdrawn status | Lost status | Source of classification or shelving scheme | Damaged status | Not for loan | Home library | Current library | Shelving location | Date acquired | Total Checkouts | Full call number | Barcode | Date last seen | Copy number | Price effective from | Koha item type |
|---|---|---|---|---|---|---|---|---|---|---|---|---|---|---|---|
| Dewey Decimal Classification | London | London | Journal article | 30/11/2007 | L141549 | 141549-1001 | 06/08/2019 | 1 | 06/08/2019 | Journal article |